حوارات الرسول صلى الله عليه وسلم مع اليهود / (Record no. 37366)

MARC details
000 -الفاتح
عناصر البيانات ثابتة الطول 00644cam a2200181 i 4500
005 - تاريخ ووقت آخر معاملة
حقل ضبط 20251224094416.0
008 - عناصر البيانات ثابتة الطول
عناصر البيانات ثابتة الطول 250721s1997 ua gr 000 0 ara d
082 14 - رقم تصنيف ديوي العشري
رقم التصنيف 219.2
رقم المادة ب ي و
100 1# - مدخل رئيسي – اسم شخصي
الاسم الشخصي بيومي، محمد
علاقة الشخص بالعمل/ دوره مؤلف.
245 10 - بيان العنوان
العنوان حوارات الرسول صلى الله عليه وسلم مع اليهود /
بيان المسؤولية كتبه محمد بيومي.
250 ## - بيان الطبعة
بيان الطبعة الطبعة الاولى.
264 31 - بيانات النشر، التوزيع…إلخ
مكان النشر، التوزيع...إلخ المنصورة :
تاريخ النشر، التوزيع...إلخ 1997.
اسم الناشر، الموزع...إلخ مكتبة الايمان،
650 17 - مدخل إضافي بالموضوع - مصطلح موضوعي
مصطلح موضوعي أو اسم جغرافي كعنصر مدخل السيرة النبوية.
650 17 - مدخل إضافي بالموضوع - مصطلح موضوعي
مصطلح موضوعي أو اسم جغرافي كعنصر مدخل اليهود.
650 17 - مدخل إضافي بالموضوع - مصطلح موضوعي
مصطلح موضوعي أو اسم جغرافي كعنصر مدخل الدعوة الإسلامية.
942 ## - بيانات إضافية (كوها)
نوع التنصيف Dewey Decimal Classification
نوع المادة (كوها) Books
Holdings
حالة السحب حالة الفقدان مصدر التصنيف حالة التلف غير قابل للإعارة المكتبة الرئيسية المكتبة الحالية موقع الرف تاريخ التزويد الرقم المتسلسل Total Checkouts رقم الإستدعاء الباركود تاريخ آخر ظهور تاريخ الفاتورة نوع المادة (كوها)
    Dewey Decimal Classification     المكتبة المركزية المكتبة المركزية الإعارة 06/07/2004 322306   219.2 / ب ي و 322306 28/07/2025 06/07/2004 Books
Implemented & Customized by: BBB with SCIT (Smart Chains for Information Technology)

Powered by Koha